000
00440nam a2200133Ia 4500
008
100328s9999 xx 000 0 und d
082
_b
35984
100
_a
पुंडलिक रमेश
245
_a
आपले शरीर स्वास्थ
260
_b
चंद्रमौळी
630
_a
आपले शरीर स्वास्थ
730
_a
आपले शरीर स्वास्थ
942
_c
BOOK
999
_c
525734
_d
525731